| 000 | 00653cam a2200193 i 4500 | ||
|---|---|---|---|
| 020 | _a0672211122 : | ||
| 082 | 0 | 0 |
_a621.38415 _bNOL _cL-11 P-30, |
| 100 | 1 |
_aNoll, Edward M. _941645 |
|
| 245 | 1 | 0 |
_aRadio operators license handbook / _cby Edward M. Noll. |
| 250 | _a3d ed. | ||
| 260 |
_aIndianapolis : _bH. W. Sams, _c1974. |
||
| 300 |
_a224 p. : _bill. ; _c22 cm. |
||
| 500 | _aFourth ed. published in 1976 under title: Third-class radiotelephone license handbook. | ||
| 500 | _aIncludes index. | ||
| 526 |
_a0 _b0 _c0 _d621_384150000000000_NOL |
||
| 650 | 0 |
_aMCE _9379 |
|
| 650 | 0 |
_aRadio _xLaw and legislation _zUnited States. _941646 |
|
| 942 |
_2ddc _cBK |
||
| 999 |
_c545697 _d545697 |
||